Corporate governance. / (Record no. 3155)

MARC details
000 -LEADER
fixed length control field 00698nam a22001697a 4500
008 - FIXED-LENGTH DATA ELEMENTS--GENERAL INFORMATION
fixed length control field 140717b xxu||||| |||| 00| 0 eng d
020 ## - INTERNATIONAL STANDARD BOOK NUMBER
International Standard Book Number 9781405171069
050 ## - LIBRARY OF CONGRESS CALL NUMBER
Classification number HD2745.M66
100 ## - MAIN ENTRY--PERSONAL NAME
Personal name Monks,Robert A.G
245 ## - TITLE STATEMENT
Title Corporate governance. /
Statement of responsibility, etc. Robert A.G Monks.
260 ## - PUBLICATION, DISTRIBUTION, ETC.
Place of publication, distribution, etc. England:
Name of publisher, distributor, etc. John wiley and sons,
Date of publication, distribution, etc. 2008.
300 ## - PHYSICAL DESCRIPTION
Extent xxiii,651p.:
Other physical details ill.;
Dimensions 25cm.
500 ## - GENERAL NOTE
General note Includes index and bibliography
505 ## - FORMATTED CONTENTS NOTE
Formatted contents note Contents: What is a corporation? -- Shareholders:ownership -- Directors: monitoring -- Management:performance -- International corporate governance -- International corporate governance -- Case studies:corporations in crisis
700 ## - ADDED ENTRY--PERSONAL NAME
Personal name Nell, Minow
942 ## - ADDED ENTRY ELEMENTS (KOHA)
Source of classification or shelving scheme Library of Congress Classification
Koha item type Books
Holdings
Withdrawn status Lost status Source of classification or shelving scheme Damaged status Not for loan Home library Current library Shelving location Date acquired Total Checkouts Full call number Barcode Date last seen Copy number Price effective from Koha item type
    Library of Congress Classification     WISCONSIN INTERNATIONAL UNIVERSITY COLLEGE, GHANA - MAIN LIBRARY WISCONSIN INTERNATIONAL UNIVERSITY COLLEGE, GHANA - MAIN LIBRARY Reference 17/07/2014   HD2745.M66 7609/36/14 17/07/2014 1 17/07/2014 Books
    Library of Congress Classification     WISCONSIN INTERNATIONAL UNIVERSITY COLLEGE, GHANA - MAIN LIBRARY WISCONSIN INTERNATIONAL UNIVERSITY COLLEGE, GHANA - MAIN LIBRARY Reference 17/07/2014   HD2745.M661 7607/34/14 17/07/2014 2 17/07/2014 Books
    Library of Congress Classification     WISCONSIN INTERNATIONAL UNIVERSITY COLLEGE, GHANA - MAIN LIBRARY WISCONSIN INTERNATIONAL UNIVERSITY COLLEGE, GHANA - MAIN LIBRARY Reference 17/07/2014   HD2745.M662 7608/35/14 17/07/2014 3 17/07/2014 Books

If you have any concerns or questions; kindly contact the library


© Powered by WIUC ICT DIRECTORATE